Prieskumy trhu v kurze
Služby agentúr na prieskum trhu. Dva základné typy výskumu: Omnibus a Market & Media & Lifestyle. Metodika výskumu trhu u spotrebiteľov. Ciele výskumu. Kontinuálny prieskum trhu agentúry GfK Slovakia prostredníctvom tzv. Panelu domácností. Systém získavania informácií pre Panel domácností. Využitie...
Salvato in:
| Autore principale: | |
|---|---|
| Natura: | Capitolo di libro |
| Lingua: | slovacco |
| Soggetti: | |
| Tags: |
Nessun Tag, puoi essere il primo ad aggiungerne!!
|
MARC
| LEADER | 00000naa a2200000 4500 | ||
|---|---|---|---|
| 001 | r034865 | ||
| 005 | 20230929112735.6 | ||
| 041 | 0 | |a slo | |
| 044 | |a SK | ||
| 245 | 1 | 0 | |a Prieskumy trhu v kurze |c Martin Augustín |
| 520 | |a Služby agentúr na prieskum trhu. Dva základné typy výskumu: Omnibus a Market & Media & Lifestyle. Metodika výskumu trhu u spotrebiteľov. Ciele výskumu. Kontinuálny prieskum trhu agentúry GfK Slovakia prostredníctvom tzv. Panelu domácností. Systém získavania informácií pre Panel domácností. Využitie údajov z tohto prieskumu. | ||
| 610 | 2 | 0 | |a prieskum trhu |
| 610 | 2 | 0 | |a prieskum spotrebiteľský |
| 610 | 2 | 0 | |a výskum trhu |
| 610 | 2 | 0 | |a analýza trhu |
| 610 | 2 | 0 | |a služby |
| 610 | 2 | 0 | |a agentúry |
| 610 | 2 | 0 | |a metódy výskumu |
| 610 | 2 | 0 | |a Slovensko |
| 610 | 2 | 0 | |a GfK Slovakia |
| 100 | 1 | |a Augustín, Martin | |